000 00228nam a2200097Ia 4500
008 170619s9999 xx 000 0 und d
100 _arobbins s p
245 0 _aorganizational behaviour
260 _bPEARSON EDU. DELHI
260 _c2009
546 _aENGLISH
999 _c23085
_d23085